| 000 | 00785nam a2200229 a 4500 | ||
|---|---|---|---|
| 001 | 81878 | ||
| 003 | BD-RjUL | ||
| 005 | 20230910112345.0 | ||
| 008 | 230910s2023 bg ||||| |||| 00| 0 ben d | ||
| 020 | _a9789849632331 | ||
| 035 | _a(BD-RjUL)81878 | ||
| 040 |
_aBD-RjUL _beng _cBD-RjUL |
||
| 041 | _aben | ||
| 082 |
_223 _a891.443 _bAHJ 2023 |
||
| 100 |
_aআহসান, মোস্তফা তারিকুল _93247 |
||
| 245 | 1 | 0 |
_aযতিচিহ্নের খোঁজে / _cমোস্তফা তারিকুল আহসান |
| 260 |
_aঢাকা : _bকাকলী প্রকাশনী, _c২০২৩ |
||
| 300 |
_a৯৬ পৃ.; _c২২ সেমি. |
||
| 650 | _aবাংলা গল্প | ||
| 650 | _aBengali story | ||
| 942 |
_2ddc _cBK |
||
| 999 |
_c81878 _d81878 |
||